Plastic paint, its uses and application : (Record no. 16484)
[ view plain ]
| 000 -LEADER | |
|---|---|
| fixed length control field | 00755nam a22002412 4500 |
| 001 - CONTROL NUMBER | |
| control field | 16484 |
| 003 - CONTROL NUMBER IDENTIFIER | |
| rucl marc code | UkOxU |
| 005 - DATE AND TIME OF LATEST TRANSACTION | |
| control field | 20211209000020.0 |
| 008 - FIXED-LENGTH DATA ELEMENTS--GENERAL INFORMATION | |
| fixed length control field | 140213s1962 enkaf 000 0 eng d |
| 035 ## - SYSTEM CONTROL NUMBER | |
| System control number | OCLC ocm04039177 from D970903M |
| -- | (BD-RjUL)16539 |
| 040 ## - CATALOGING SOURCE | |
| Original cataloging agency | DLC |
| Transcribing agency | GAT |
| Modifying agency | UKM |
| -- | BD-RjUL) |
| Language of cataloging | eng |
| 041 ## - LANGUAGE CODE | |
| Language code of text/sound track or separate title | eng |
| 082 ## - DEWEY DECIMAL CLASSIFICATION NUMBER | |
| Classification number | 698.14 |
| Author mark and year | GOP 1966 |
| 100 1# - MAIN ENTRY--PERSONAL NAME | |
| Personal name | Gower, Charles Henry. |
| 9 (RLIN) | 50957 |
| 245 10 - TITLE STATEMENT | |
| Title | Plastic paint, its uses and application : |
| Remainder of title | With a foreword by J. G. E. Holloway. |
| 260 ## - PUBLICATION, DISTRIBUTION, ETC. (IMPRINT) | |
| Place of publication, distribution, etc. | London : |
| Name of publisher, distributor, etc. | E. & F. N. Spon, |
| Date of publication, distribution, etc. | 1962. |
| 300 ## - PHYSICAL DESCRIPTION | |
| Pagination | xv, 126 p. |
| Illustrations | illus., plates. ; |
| Size | 19 cm. |
| 490 0# - SERIES STATEMENT | |
| Series statement | Spon's architectural and building series |
| 650 #0 - SUBJECT ADDED ENTRY--TOPICAL TERM | |
| Topical term or geographic name as entry element | Texture painting. |
| 9 (RLIN) | 50958 |
| 942 ## - ADDED ENTRY ELEMENTS (KOHA) | |
| Source of classification or shelving scheme | Dewey Decimal Classification |
| Koha item type | Books |
| Lost status | Source of classification or shelving scheme | Damaged status | Not for loan | Collection code | Permanent Location | Current Location | Shelving location | Date acquired | Source of acquisition | Cost, normal purchase price | Total Checkouts | Full call number | Date last seen | Copy number | Koha item type |
|---|---|---|---|---|---|---|---|---|---|---|---|---|---|---|---|
| Dewey Decimal Classification | Not For Loan | Non-fiction | Central Library, University of Rajshahi | Central Library, University of Rajshahi | Reading Room | 06/09/1973 | Book centre | 16.50 | 698.14 GOP 1962 | 13/02/2014 | C-1 | Books | |||
| Dewey Decimal Classification | Non-fiction | Central Library, University of Rajshahi | Central Library, University of Rajshahi | 06/09/1972 | Book center | 16.50 | 698.14 GOP 1962 | 10/02/2020 | C-2 | Books |